Planning traineeships for ethnic minorities (Record no. 71998)
[ view plain ]
| 000 -LEADER | |
|---|---|
| fixed length control field | 01281cam a2200229 4500 |
| 001 - CONTROL NUMBER | |
| control field | WB3904-07 |
| 008 - FIXED-LENGTH DATA ELEMENTS--GENERAL INFORMATION | |
| fixed length control field | 030129n2003 000 0 eng u |
| 035 ## - SYSTEM CONTROL NUMBER | |
| System control number | (Sirsi) u121170 |
| 245 ## - TITLE STATEMENT | |
| Title | Planning traineeships for ethnic minorities |
| 260 ## - PUBLICATION, DISTRIBUTION, ETC. | |
| Date of publication, distribution, etc. | 2003 |
| 490 ## - SERIES STATEMENT | |
| Series statement | ODPM News Release |
| Volume/sequential designation | (ODPM - 0010) 29 January 2003, (2) |
| 520 ## - SUMMARY, ETC. | |
| Summary, etc. | A scheme has been launched to attract more ethnic minoritiesinto the planning profession. The joint initiative run by the Planning Inspectorate and Positive Training Highway (PATH) will start to recruit for traineeships in the spring with the first candidate placements in the autumn. As well as a postgraduate planning degree, trainees will get work experience in a local authority planning department or at the Planning Inspectorate. The scheme will run for at least five years. Application details from: Noorjaham Rahman, The Planning Inspectorate,Temple Quay House, 2 The Square, Temple Quay, Bristol, BS1 6PN http://www.odpm.gov.uk/news/0301/0010.htm |
| 590 ## - LOCAL NOTE (RLIN) | |
| Local note | WB |
| 650 ## - SUBJECT ADDED ENTRY--TOPICAL TERM | |
| Topical term or geographic name entry element | PLANNING PROFESSION |
| 650 ## - SUBJECT ADDED ENTRY--TOPICAL TERM | |
| Topical term or geographic name entry element | TOWN AND COUNTRY PLANNING |
| 650 ## - SUBJECT ADDED ENTRY--TOPICAL TERM | |
| Topical term or geographic name entry element | LOCAL AUTHORITIES |
| 650 ## - SUBJECT ADDED ENTRY--TOPICAL TERM | |
| Topical term or geographic name entry element | TRAINEES |
| 650 ## - SUBJECT ADDED ENTRY--TOPICAL TERM | |
| Topical term or geographic name entry element | PLANNING INSPECTORATE |
| 650 ## - SUBJECT ADDED ENTRY--TOPICAL TERM | |
| Topical term or geographic name entry element | ETHNIC MINORITIES |
| 690 ## - LOCAL SUBJECT ADDED ENTRY--TOPICAL TERM (OCLC, RLIN) | |
| Topical term or geographic name as entry element | CAREERS, EDUCATION AND TRAINING |
| 942 ## - ADDED ENTRY ELEMENTS (KOHA) | |
| Suppress in OPAC | 0 |
| Withdrawn status | Lost status | Source of classification or shelving scheme | Damaged status | Not for loan | Home library | Current library | Shelving location | Date acquired | Total Checkouts | Full call number | Barcode | Date last seen | Copy number | Price effective from | Koha item type |
|---|---|---|---|---|---|---|---|---|---|---|---|---|---|---|---|
| Dewey Decimal Classification | London | London | News article | 29/01/2003 | WB3904-07 | 121170-1001 | 06/08/2019 | 1 | 06/08/2019 | News article |